000 00339nam a2200133Ia 4500
008 240624s9999 xx 000 0 und d
041 _aeng
082 _a650 VEL
100 _aVELDE MANDY VAN DER
245 _aMANAGEMENT RESEARCH METHODS
260 _c2008
_aNew Delhi
_bWiley India
300 _a253 : p. : cm. ; 24
365 _cRS
_b33.33
999 _c11243
_d11243